Stateside + Zara Larsson - PinkPantheress (All Lyrics) - Statistics

General Stats
  • This quiz has been taken 112 times
  • The average score is 312 of 387
Answer Stats
Lyrics % Correct
I
100%
my
100%
My
100%
a
99%
I'm
97%
you
97%
you?
97%
you)
97%
You
97%
boy
96%
(Boy)
96%
boy)
96%
to
96%
to,
96%
American
94%
American,
94%
be
94%
can
94%
American,
94%
girl
94%
girl,
94%
do?
93%
me,
93%
me
93%
me?
93%
(Me)
93%
stateside
93%
that
93%
Kissing
91%
Swedish
91%
up
91%
ego
90%
in
90%
It
90%
it
90%
it,
90%
Who
90%
freezing
88%
the
88%
your
88%
been
87%
FaceTime
87%
is
87%
Is
87%
say?
87%
say
87%
skin
87%
when
87%
When
87%
out
86%
over
86%
that's
86%
What
86%
you're
86%
(You're
86%
I've
84%
outside
84%
at
83%
boost
83%
Boots,
83%
talking
83%
all
81%
All
81%
don't
81%
For
81%
for
81%
tonight
81%
But
80%
headline?
80%
know
80%
with
80%
Yeah,
80%
feel
78%
into
78%
knew
78%
Never
78%
control
77%
here
77%
LA
77%
look
77%
on
77%
British
75%
I'll
75%
minute
75%
so
75%
Tell
75%
this
75%
Dream
74%
inside
74%
make
74%
met
74%
No
74%
opening
74%
plane
74%
same
74%
same?
74%
stay
74%
tight
74%
touring
74%
fly
72%
like
72%
right?
72%
right
72%
taking
72%
before
71%
boys
71%
door
71%
loose
71%
would
71%
Are
70%
how
70%
Schedule
67%
Stockholm
67%
way
67%
ain't
65%
can't
65%
hit
65%
nice,
65%
Now
65%
see
65%
treats
65%
tryna
65%
And
64%
away
64%
away)
64%
feelings
64%
get
64%
(Get
64%
knocking
64%
one
64%
stage
64%
next
62%
time
62%
coat
61%
if
61%
run
59%
abroad
58%
fade
57%
(Fade
57%
baby)
55%
maybe
55%
put
55%
flight
54%
worth
54%
years
54%
did
52%
'Cause
51%
flying
51%
going
51%
insane,
51%
want
51%
bedside
49%
intercontinental
49%
take
49%
through
49%
ride
48%
work
48%
too?
45%
(Too)
45%
Worries
42%
Wait
39%
Why
39%
Leave
38%
those
38%
sounds
36%
tracked
35%
Where
29%
land
20%
Yet
19%
(Hey,
4%
No matching quizzes found
Score Distribution
Percent of People with Each Score
Percentile by Number Answered
Your Score History
You have not taken this quiz